[Event "Gibraltar Open"]
[Site "Caleta ENG"]
[Date "2012.02.01"]
[Round "9.54"]
[White "Vojinovic,J"]
[Black "Lipecki,A"]
[Result "1-0"]
[WhiteElo "2359"]
[BlackElo "2159"]

1.Nf3 d5 2.g3 Nf6 3.Bg2 e6 4.d4 Be7 5.c4 dxc4 6.Qc2 a6 7.a4 O-O 8.O-O c6
9.a5 Qc7 10.Bf4 Bd6 11.Bxd6 Qxd6 12.Nbd2 Nbd7 13.Nxc4 Qe7 14.e4 Rb8 15.Rfe1 c5
16.d5 b5 17.axb6 Nxb6 18.d6 Qd8 19.Na5 Bd7 20.Qxc5 Na4 21.Qc7 Rxb2 22.Ne5 Bb5
23.Nac6 Qxc7 24.dxc7 Nb6 25.Ne7+ Kh8 26.Rac1 Nfd7 27.c8=Q  1-0

[Event "Moscow Open D 2012"]
[Site "Moscow RUS"]
[Date "2012.02.01"]
[Round "5"]
[White "Stukopin,A"]
[Black "Yilmaz,M"]
[Result "1/2-1/2"]
[WhiteElo "2460"]
[BlackElo "2521"]

1.Nf3 d5 2.g3 Bg4 3.Bg2 Nd7 4.c4 e6 5.cxd5 exd5 6.O-O Ngf6 7.d3 Bc5 8.Qc2 O-O
9.h3 Bh5 10.e4 Re8 11.Nh4 c6 12.Kh2 Bb6 13.f4 Nc5 14.Nc3 Ne6 15.Re1 Nd4 16.Qa4 dxe4
17.dxe4 Nd7 18.Be3 Ne6 19.Nf5 Bxe3 20.Rxe3 Nb6 21.Qc2 f6 22.e5 Bg6 23.Rd1 Nd4
24.Rxd4 Qxd4 25.Nxd4 Bxc2 26.Nxc2 fxe5 27.fxe5 Nc4 28.Re4 Nxe5 29.b3 Rad8
30.Nd4 Nd3 31.Ne6 Rd7 32.h4 Nf2 33.Re2 Ng4+ 34.Kh3 Nf6 35.Nf4 Rxe2 36.Nfxe2 Rd2
37.Bf3 Nd7 38.Be4 Nc5 39.Bf3 Nd3 40.Kg4 Nb4 41.a4 Nd3 42.Kf5 a5 43.Ne4 Rb2
44.Nd4 Nc1 45.Nc5 b6 46.Nd7 c5 47.Bd5+ Kh8 48.Nc6 Nxb3 49.Nxb6 Nd4+ 50.Nxd4 cxd4
51.Nc4 Rb4 52.Nxa5 d3 53.Nc4 Rxa4 54.Nd2 g6+ 55.Ke5 Rb4 56.Nc4 Kg7 57.Kd4 Rb1
58.Ke3 Re1+ 59.Kf2 Re8 60.Kf3 Kf6 61.Be4 Rd8 62.Ke3 h5 63.Bxd3 g5 64.Be2 gxh4
65.gxh4 Ra8 66.Bxh5 Rh8 67.Bf3 Rxh4 68.Nd2 Ke5  1/2-1/2

[Event "Moscow Open Women 2012"]
[Site "Moscow RUS"]
[Date "2012.02.01"]
[Round "5.27"]
[White "Zherebtsova,A"]
[Black "Butuc,M"]
[Result "1/2-1/2"]
[WhiteElo "2041"]
[BlackElo "2182"]

1.Nf3 d5 2.g3 Nf6 3.Bg2 Bf5 4.d3 e6 5.O-O h6 6.c4 c6 7.Qb3 Qb6 8.Qc2 Nbd7
9.b3 Be7 10.Bb2 O-O 11.Nc3 dxc4 12.bxc4 e5 13.Na4 Qc7 14.Qc3 Bg4 15.Rfe1 Bxf3
16.Bxf3 Rfe8 17.Rac1 Bf8 18.Bg2 g6 19.e3 Bg7 20.Qb3 Rad8 21.c5 Nf8 22.Ba3 e4
23.d4 Nd5 24.Nb2 b5 25.cxb6 axb6 26.Qc2 Ra8 27.Bf1  1/2-1/2

[Event "85th ch-St Petersburg SF"]
[Site "St Petersburg RUS"]
[Date "2012.02.01"]
[Round "5.8"]
[White "Kitsis,A"]
[Black "Sichinava,Z"]
[Result "0-1"]
[WhiteElo "2195"]
[BlackElo "2315"]

1.Nf3 d5 2.g3 c5 3.Bg2 Nc6 4.d4 cxd4 5.Nxd4 Nf6 6.O-O e5 7.Nxc6 bxc6 8.c4 Be6
9.Nc3 Be7 10.Bg5 e4 11.cxd5 cxd5 12.Qa4+ Qd7 13.Qxd7+ Nxd7 14.Bxe7 Kxe7 15.Rfd1 Nb6
16.Rac1 a6 17.f3 f5 18.Kf2 Rhd8 19.Rd4 Nc4 20.b3 Ne5 21.Rcd1 Rac8 22.Na4 Rc2
23.R4d2 Rc6 24.h3 Rdc8 25.f4 Nd7 26.e3 h5 27.Bf1 h4 28.gxh4 Rh8 29.Kg3 Bf7
30.b4 Rb8 31.a3 Nf6 32.Kf2 d4 33.Rxd4 Bb3 34.Nc5 Bxd1 35.Rxd1 a5 36.Rd4 axb4
37.axb4 Rd6 38.Nb3 g6 39.b5 Ra8 40.Rc4 Ra2+ 41.Be2 Rd1 42.Nd4 Nd5 43.h5 Rxd4
44.Rxd4 Nc3 45.h6 Rxe2+ 46.Kg3 Rxe3+ 47.Kh4 Ne2 48.Rb4 Nxf4  0-1

[Event "80th ch-St Petersburg SF w"]
[Site "St Petersburg RUS"]
[Date "2012.02.01"]
[Round "5.2"]
[White "Katyshkina,A"]
[Black "Dobronravina,Anna"]
[Result "1-0"]
[WhiteElo "1983"]
[BlackElo "1687"]

1.Nf3 d5 2.g3 c6 3.Bg2 Bg4 4.d4 Nf6 5.O-O Nbd7 6.c4 e6 7.Bf4 Be7 8.Nc3 O-O
9.Rc1 Ne4 10.Nxe4 dxe4 11.Ne5 Nxe5 12.Bxe5 f6 13.Bf4 g5 14.Be3 f5 15.f3 exf3
16.exf3 Bh5 17.Qd2 Bf7 18.f4 g4 19.Rfd1 Bf6 20.b4 a5 21.b5 cxb5 22.cxb5 Rb8
23.a4 Be7 24.Qc2 Ba3 25.Ra1 Bb4 26.Qd3 Qd7 27.d5 exd5 28.Bxd5 Bxd5 29.Qxd5+ Qxd5
30.Rxd5 Rbd8 31.Rad1 Rxd5 32.Rxd5 Kg7 33.b6 Kg6 34.Rd7 Rf7 35.Rc7 Bd6 36.Rc4 Bb4
37.Kf2 Rd7 38.Rc7 Rf7 39.Ke2 Bd6 40.Rc4 Re7 41.Kd3 Bb4 42.Rc7 Kf6 43.Bd4+ Ke6
44.Kc4 Rd7 45.Rxd7 Kxd7 46.Kd5 Bd6 47.Be5 Bb4 48.Bb2 Bd6 49.Bf6 Bb4 50.Ke5 Bc3+
51.Kxf5 Bxf6 52.Kxf6  1-0

[Event "Moscow Open 2012 A"]
[Site "Moscow RUS"]
[Date "2012.02.02"]
[Round "6.40"]
[White "Shahinyan,D"]
[Black "Cori,J"]
[Result "1-0"]
[WhiteElo "2330"]
[BlackElo "2489"]

1.Nf3 d5 2.g3 Nf6 3.Bg2 c6 4.O-O Bg4 5.d4 Nbd7 6.Nbd2 e6 7.Re1 Be7 8.e4 dxe4
9.Nxe4 O-O 10.c3 Nxe4 11.Rxe4 Nf6 12.Re1 Nd5 13.Qb3 Qc7 14.Ne5 Bf5 15.g4 Bg6
16.c4 Nb6 17.Bf4 Qc8 18.d5 exd5 19.Nxg6 fxg6 20.cxd5 cxd5 21.Bxd5+ Kh8 22.Be6 Qe8
23.Be5 Rd8 24.Rac1 Bd6 25.Qh3 Bxe5 26.Rxe5 Nd5 27.Bg8 Rxg8 28.Rxe8 Rgxe8
29.Rd1 Nf4 30.Qf3 Rxd1+ 31.Qxd1 g5 32.f3 h6 33.a4 Re2 34.b4 Rg2+ 35.Kf1 Rb2
36.b5 Rxh2 37.Qd7 Ra2 38.Qxb7 Rxa4 39.Qc8+  1-0

[Event "Moscow Open Women 2012"]
[Site "Moscow RUS"]
[Date "2012.02.02"]
[Round "6.13"]
[White "Enkhtuul,A"]
[Black "Tarasova,Viktoriy"]
[Result "0-1"]
[WhiteElo "2211"]
[BlackElo "2294"]

1.Nf3 d5 2.g3 Bg4 3.Bg2 Nd7 4.d4 e6 5.O-O Ngf6 6.c4 c6 7.Nbd2 Bd6 8.Re1 O-O
9.e4 dxe4 10.Nxe4 Nxe4 11.Rxe4 Bf5 12.Re1 Nf6 13.Ne5 Qe7 14.Bg5 Rfd8 15.Qb3 h6
16.Bxf6 gxf6 17.Nf3 Bb4 18.Re2 Bg4 19.a3 Bd6 20.h3 Bh5 21.Qe3 Qf8 22.c5 Be7
23.g4 Bg6 24.b4 Bh7 25.a4 a6 26.Ra3 Rd7 27.Rb3 Rad8 28.Rd2 Kh8 29.Rbb2 Kg7
30.b5 axb5 31.axb5 cxb5 32.Rxb5 Ra8 33.Nh2 Qc8 34.Nf1 Bg6 35.Rdb2  0-1

[Event "Moscow Open E 2012"]
[Site "Moscow RUS"]
[Date "2012.02.02"]
[Round "6"]
[White "Batsiashvili,N"]
[Black "Goryachkina,A"]
[Result "1-0"]
[WhiteElo "2426"]
[BlackElo "2333"]

1.Nf3 d5 2.g3 c6 3.Bg2 Nf6 4.O-O Bg4 5.c4 e6 6.Qb3 Qc7 7.cxd5 exd5 8.d3 Nbd7
9.Nc3 Bxf3 10.Bxf3 d4 11.Ne4 Nxe4 12.Bxe4 Nc5 13.Qc4 Nxe4 14.dxe4 O-O-O 15.Rd1 b5
16.Qc2 h5 17.Bf4 Qb6 18.a4 Kb7 19.e3 Bd6 20.e5 Be7 21.exd4 h4 22.a5 Qc7 23.a6+ Ka8
24.d5 g5 25.d6 Qc8 26.dxe7  1-0

[Event "TCh-ISR 2011-12"]
[Site "Israel ISR"]
[Date "2012.02.03"]
[Round "7.2"]
[White "Berkovich,M"]
[Black "Porat,I"]
[Result "1/2-1/2"]
[WhiteElo "2397"]
[BlackElo "2428"]

1.Nf3 d5 2.g3 Nc6 3.d4 Bf5 4.Bg2 Nb4 5.Na3 Nf6 6.O-O h6 7.Ne5 e6 8.c3 Na6
9.b4 c6 10.b5 Nb8 11.Qa4 Bd6 12.Bf4 O-O 13.c4 c5 14.cxd5 exd5 15.dxc5 Bxc5
16.Nd3  1/2-1/2

[Event "Moscow Open 2012 A"]
[Site "Moscow RUS"]
[Date "2012.02.03"]
[Round "7.82"]
[White "Bolychevsky,A"]
[Black "Palachev,P"]
[Result "0-1"]
[WhiteElo "1882"]
[BlackElo "2287"]

1.Nf3 d5 2.g3 c6 3.Bg2 g6 4.O-O Bg7 5.d3 Nf6 6.c4 O-O 7.Nc3 dxc4 8.dxc4 Be6
9.Nd2 Na6 10.b3 Nd5 11.cxd5 Bxc3 12.Rb1 cxd5 13.Bb2 Rc8 14.Bxc3 Rxc3 15.Rc1 Rxc1
16.Qxc1 Qd6 17.Qb2 Rc8 18.Rd1 Qc5 19.Bf3 Qc2 20.Qa1 Nb4 21.a3 Na2 22.Nf1 Nc3
23.Rd2 Qxb3 24.Rb2 Qc4 25.Rxb7 Nxe2+ 26.Bxe2 Qxe2 27.Rxe7 Qf3 28.Nd2 Qc3
29.Qxc3 Rxc3 30.Rxa7 Bh3 31.f4 Rd3 32.Ra8+ Kg7  0-1

[Event "Moscow Open A 2012"]
[Site "Moscow RUS"]
[Date "2012.02.03"]
[Round "7"]
[White "Romanov,E"]
[Black "Dubov,Danii"]
[Result "1/2-1/2"]
[WhiteElo "2628"]
[BlackElo "2498"]

1.Nf3 d5 2.g3 Nf6 3.Bg2 g6 4.c4 c6 5.Qa4 dxc4 6.Qxc4 Bg7 7.O-O O-O 8.d3 Qd5
9.Qh4 Qh5 10.Qxh5 Nxh5 11.Nbd2 Be6 12.Ng5 Bg4 13.Re1 Na6 14.Nc4 h6 15.h3 Bd7
16.Nf3 Be6 17.g4 Bxc4 18.dxc4 Nf6 19.Be3 Nd7 20.Rab1 Nb6 21.Rec1 Na4 22.Rc2 Nb4
23.Rd2 Rfd8 24.a3 Rxd2 25.Bxd2 Na6 26.b4 Nc3 27.Rb3 Nxe2+ 28.Kf1 Nd4 29.Nxd4 Bxd4
30.Bxh6 Rd8 31.Rd3 Nc7 32.h4 f6 33.Be4 Kf7 34.h5 g5 35.f4 Ne6 36.Bg6+ Kg8
37.fxg5 Nxg5 38.Ke2 Rd6 39.c5 Rd5 40.Bxg5 fxg5 41.Be4 Rd7 42.Bf5 Rd8 43.Bc8 b6
44.Be6+ Kg7 45.b5 Kf6 46.bxc6 Kxe6 47.c7 Rc8 48.Rxd4 Rxc7 49.cxb6 axb6 50.Rb4 Ke5
51.Rxb6 Kf4 52.Rb4+ Kg3 53.a4 Ra7 54.Ke3 Ra6 55.Re4 e5 56.Rb4 Ra7 57.h6 Rh7
58.Rb6 Ra7 59.Rb4 Rh7 60.Rb6 Ra7 61.Ke4 Kxg4 62.Kxe5 Kh5  1/2-1/2

[Event "Moscow Open D 2012"]
[Site "Moscow RUS"]
[Date "2012.02.03"]
[Round "7"]
[White "Stukopin,A"]
[Black "Swiercz,D"]
[Result "1-0"]
[WhiteElo "2460"]
[BlackElo "2583"]

1.Nf3 d5 2.g3 Nc6 3.d4 Bf5 4.Bg2 Nb4 5.Na3 e6 6.Nh4 Bg4 7.c3 Nc6 8.Qb3 Rb8
9.e4 dxe4 10.Bxe4 Nf6 11.Bg2 Be7 12.Nc4 O-O 13.O-O Nd5 14.Nf3 Bf5 15.Re1 Re8
16.a4 h6 17.a5 Qc8 18.Nce5 Nxe5 19.Nxe5 Rd8 20.Bd2 c5 21.c4 Nf6 22.d5 Bd6
23.Qf3 Qc7 24.Bc3 Re8 25.a6 Be4 26.Rxe4 Nxe4 27.Qxf7+ Qxf7 28.Nxf7 Kxf7 29.Bxe4 b6
30.dxe6+ Kxe6 31.Bd5+ Kd7 32.Bxg7 Be5 33.Bxh6 Bxb2 34.Ra2 Bd4 35.Bf4 Re1+
36.Kg2 Rbe8 37.Kf3 Ra1 38.Rxa1 Bxa1 39.h4 Be5 40.Bxe5 Rxe5 41.Be4 Kd6 42.g4 Re7
43.h5 b5 44.cxb5 c4 45.h6  1-0

[Event "34th Tringov Memorial"]
[Site "Plovdiv BUL"]
[Date "2012.02.03"]
[Round "7.11"]
[White "Stamenkov,V"]
[Black "Bruno,Fabi"]
[Result "0-1"]
[WhiteElo "2334"]
[BlackElo "2439"]

1.Nf3 d5 2.g3 c6 3.Bg2 Bg4 4.O-O Nd7 5.d3 e5 6.h3 Bh5 7.e4 dxe4 8.dxe4 Ngf6
9.Nbd2 Bc5 10.a4 a5 11.Qe1 O-O 12.Nh4 Re8 13.Nc4 Qc7 14.Bd2 b6 15.Be3 Bxe3
16.Qxe3 b5 17.Nd2 Qb6 18.Rfe1 Nc5 19.b3 Rad8 20.axb5 cxb5 21.Nf5 Bg6 22.g4 h6
23.Nb1 Bxf5 24.exf5 e4 25.Nc3 b4 26.Nd1 Qc7 27.Nb2 Nd5 28.Qg3 Nf4 29.Nc4 a4
30.bxa4 b3 31.cxb3 Rd3 32.Qh2 Nxb3 33.Rab1 Nxh3+ 34.Bxh3 Qxc4 35.Bf1 Nd2
36.Bxd3 Qxd3 37.Qg3 e3 38.Rbd1 exf2+ 39.Qxf2 Nf3+ 40.Kg2 Nxe1+ 41.Rxe1 Rc8
42.Qe3 Qc2+ 43.Re2 Qxa4 44.Qe4 Qd1 45.Ra2 Qd8 46.Qb7 Rb8 47.Qe4 Qh4 48.Ra8 Rxa8
49.Qxa8+ Kh7 50.Qe4 h5 51.f6+ g6 52.Qe7 Qxg4+ 53.Kh2 Qe6 54.Kg2 g5 55.Kh2  0-1

[Event "80th ch-St Petersburg SF w"]
[Site "St Petersburg RUS"]
[Date "2012.02.03"]
[Round "7.3"]
[White "Tskhadadze,A"]
[Black "Volskaya,Vera"]
[Result "0-1"]
[WhiteElo "1842"]
[BlackElo "1925"]

1.Nf3 d5 2.g3 Bg4 3.Bg2 e6 4.O-O Nf6 5.d3 Bc5 6.Nbd2 O-O 7.e4 dxe4 8.dxe4 Nc6
9.h3 Bh5 10.c3 h6 11.Qc2 Bg6 12.b4 Bb6 13.a4 a6 14.Ba3 Re8 15.Rfd1 Qc8 16.Nh4 Bh7
17.Nc4 Ba7 18.Qe2 b5 19.axb5 axb5 20.Nd2 Ne5 21.Qxb5 c5 22.bxc5 Rb8 23.Qa5 Nc6
24.Qa4 Qc7 25.Rab1 g5 26.Nhf3 e5 27.Bf1 Ra8 28.Ba6 Reb8 29.Rxb8+ Nxb8 30.Bb5 Nbd7
31.Qa6 Kg7 32.c6 Bxf2+ 33.Kxf2 Rxa6 34.Bxa6 Qxc6 35.Bd3 Qxc3 36.Nc4 Bxe4
37.Bb2 Qb3 38.Be2 Bxf3 39.Rd3 Qxc4 40.Rxf3 Qc2 41.Ba3 Nd5 42.Rd3 Nc3  0-1

[Event "Basque Teams 2012"]
[Site "Bergara ESP"]
[Date "2012.02.04"]
[Round "4.4"]
[White "Serras Uria,A"]
[Black "Martinez Pelaez,D"]
[Result "1-0"]
[WhiteElo "2191"]
[BlackElo "1987"]

1.Nf3 d5 2.g3 Nf6 3.Bg2 c6 4.O-O Bf5 5.d3 e6 6.Nbd2 h6 7.c4 Nbd7 8.a3 a5
9.cxd5 cxd5 10.Qa4 Be7 11.e4 dxe4 12.dxe4 Bh7 13.Ne5 O-O 14.Nxd7 Qxd7 15.Qb3 a4
16.Qf3 b5 17.e5 Nd5 18.Ne4 Bxe4 19.Qxe4 Rac8 20.Rd1 Rfd8 21.Be3 Qe8 22.Bd4 Bc5
23.Bf1 Bxd4 24.Rxd4 Ne7 25.Rad1 Rxd4 26.Qxd4 Ng6 27.f4 Qc6 28.Bd3 Nf8 29.Be4 Qc4
30.Qxc4 Rxc4 31.Bd3 Rc5 32.Kf2 Rd5 33.Ke3 Nd7 34.Rc1 Kf8 35.Be4 Rc5 36.Rxc5 Nxc5
37.Bc6 f6 38.Bxb5 fxe5 39.fxe5 Ke7 40.Kd4 Nb3+ 41.Kc3 Nc5 42.Kb4 Nb3 43.Bxa4 Nd4
44.Kc5 Nf3 45.Bc6 Nxe5 46.Be4 Kd7 47.a4 Kc7 48.b4 Nd7+ 49.Kd4 e5+ 50.Kd5 Nb6+
51.Kxe5 Nxa4 52.Kf5 Nc3 53.Bf3 Nb5 54.Kg6 Nd4 55.Bg4 Nc6 56.Kxg7 Nxb4 57.Kxh6 Kd6
58.Kg7 Nc6 59.h4 Ne5 60.Bf5 Ke7 61.h5  1-0

[Event "TCh-CAT 2012"]
[Site "Catalunya ESP"]
[Date "2012.02.04"]
[Round "2.1"]
[White "Movsziszian,K"]
[Black "Oratovsky,M"]
[Result "1-0"]
[WhiteElo "2483"]
[BlackElo "2521"]

1.g3 d5 2.Nf3 Nf6 3.Bg2 g6 4.O-O Bg7 5.d4 O-O 6.c4 c6 7.Qb3 Qb6 8.Nc3 dxc4
9.Qxc4 Be6 10.Qd3 Rd8 11.e4 Bg4 12.Be3 Bxf3 13.Bxf3 Na6 14.Qe2 Qa5 15.Bg2 Ne8
16.Rfd1 Nd6 17.a3 e6 18.b4 Qc7 19.Rac1 Qe7 20.h4 h6 21.d5 cxd5 22.exd5 e5
23.h5 g5 24.Nb5 Nxb5 25.Qxb5 e4 26.d6 Rxd6 27.Rxd6 Qxd6 28.Qxb7  1-0

[Event "Moscow Open 2012 A"]
[Site "Moscow RUS"]
[Date "2012.02.04"]
[Round "8.32"]
[White "Shimanov,A"]
[Black "Mesropov,K"]
[Result "1-0"]
[WhiteElo "2549"]
[BlackElo "2419"]

1.Nf3 d5 2.g3 g6 3.Bg2 Bg7 4.O-O e5 5.c4 dxc4 6.Na3 Nc6 7.Nxc4 Nge7 8.d3 O-O
9.Bd2 Nd5 10.b4 e4 11.dxe4 Nc3 12.Bxc3 Bxc3 13.b5 Bxa1 14.Qxa1 Nb8 15.Rd1 Qe7
16.Ne3 Be6 17.Ne5 f6 18.Nd3 Nd7 19.Rc1 Qd6 20.Nf4 Nb6 21.Rd1 Qe7 22.e5 fxe5
23.Qxe5 Rae8 24.Bxb7 Bxa2 25.Qa1 Be6 26.Qxa7 g5 27.Nxe6 Qxe6 28.Bf3 Qf7 29.Rc1 Re7
30.Rc5 Qf6 31.Rxc7 Rxe3 32.fxe3 g4 33.Rc6 Qb2 34.Qxb6 gxf3 35.exf3 Ra8 36.Rc8+ Rxc8
37.Qe6+ Kg7 38.Qxc8  1-0

[Event "Moscow Open 2012 A"]
[Site "Moscow RUS"]
[Date "2012.02.04"]
[Round "8.38"]
[White "Kovalev,De"]
[Black "Akshayraj,K"]
[Result "0-1"]
[WhiteElo "2481"]
[BlackElo "2386"]

1.Nf3 d5 2.g3 e6 3.Bg2 Nf6 4.O-O b5 5.b3 Be7 6.c4 c6 7.Nc3 Ba6 8.cxb5 cxb5
9.a3 Nc6 10.d4 Na5 11.Ne5 Rc8 12.Bd2 Qb6 13.Nd3 Nc6 14.e3 b4 15.Na4 Qb8 16.Bxb4 Nxb4
17.axb4 Bxb4 18.Nac5 Bxd3 19.Nxd3 O-O 20.Ra6 Rc3 21.Ne5 Bd6 22.Qa1 Rfc8 23.Nc4 Bb4
24.Ne5 Bd6 25.Nc4 Bb4 26.Ne5 R8c7 27.Rb1 Rc2 28.h3 g6 29.Qa4 Bd6 30.Ng4 Nxg4
31.hxg4 Bb4 32.Bf1 Bd2 33.Qb5 Qd8 34.Bd3 Bxe3 35.fxe3 Qg5  0-1

[Event "Moscow Open Women 2012"]
[Site "Moscow RUS"]
[Date "2012.02.04"]
[Round "8.50"]
[White "Kim,Ya"]
[Black "Markova,Elizaveta"]
[Result "1-0"]
[WhiteElo "1952"]
[BlackElo "1799"]

1.Nf3 d5 2.g3 Nf6 3.Bg2 Bf5 4.O-O c6 5.d3 Nbd7 6.Nbd2 e5 7.Re1 Be7 8.e4 dxe4
9.dxe4 Bg4 10.h3 Bxf3 11.Nxf3 O-O 12.Nh4 g6 13.Bh6 Re8 14.Qd2 Nc5 15.Qe3 Ne6
16.c3 Qc7 17.Kh2 Rad8 18.Bf1 Qb6 19.Qf3 Nd7 20.Ng2 Bg5 21.Bxg5 Nxg5 22.Qg4 h6
23.Qe2 Nf6 24.f3 Rd2 25.Qe3 Rf2 26.Qxb6 axb6 27.Be2 Rd8 28.h4 Nxf3+ 29.Bxf3 Rxf3
30.Re2 Rdd3 31.Ne1 Rde3 32.Rg2 Rf1 33.Nc2 Ng4+ 34.Kh3 Rxa1 35.Kxg4 Rxe4+
36.Kf3 Rae1 37.Rd2 Kg7 38.Nxe1 Rxe1 39.Kf2 Ra1 40.a3 Rh1 41.Kg2 Re1 42.Kf2 Rb1
43.Ke3 Kf6 44.Rd7 Rxb2 45.Rxb7 Rb3 46.Kd3 Ke6 47.a4 b5 48.a5 Ra3 49.Rc7 Rxa5
50.Rxc6+ Kd5 51.Rf6 Ra7 52.Rb6 Rd7 53.Rxb5+ Kc6+ 54.Kc4 e4 55.Re5 f5 56.h5 Kd6
57.Ra5 e3 58.Kd3 Re7 59.Ke2 g5 60.Rxf5 Ke6 61.Rf3 Kd5 62.Rxe3 Rc7 63.Kd3 Rc6
64.Re8 Rd6 65.c4+ Kc5+ 66.Kc3 Rc6 67.Re5+ Kd6 68.Rd5+ Ke6 69.Kd4 Ra6 70.Ke4 Ra4
71.Kd4 Ra3 72.Re5+ Kd7 73.g4 Ra4 74.Rb5 Kc6 75.Rf5 Ra1 76.Rf6+ Kd7 77.Rxh6 Rg1
78.Kd5 Rxg4 79.Rg6 Rg2 80.Rg7+ Kd8 81.h6 Rd2+ 82.Kc6  1-0

[Event "Moscow Open 2012 A"]
[Site "Moscow RUS"]
[Date "2012.02.04"]
[Round "8.19"]
[White "Romanishin,O"]
[Black "Volkov,Sergey1"]
[Result "0-1"]
[WhiteElo "2541"]
[BlackElo "2633"]

1.Nf3 d5 2.g3 c6 3.Bg2 Bf5 4.c4 e6 5.Qb3 Qb6 6.d3 Nd7 7.Be3 Bc5 8.Bxc5 Nxc5
9.Qc3 Nf6 10.b4 Ncd7 11.Nbd2 O-O 12.O-O Bg4 13.Nb3 e5 14.h3 dxc4 15.dxc4 Bxf3
16.Bxf3 e4 17.Bg2 e3 18.Qxe3 Qxb4 19.Qc1 a5 20.Rb1 Qe7 21.Nd4 Nc5  0-1

[Event "80th ch-St Petersburg SF w"]
[Site "St Petersburg RUS"]
[Date "2012.02.04"]
[Round "8.7"]
[White "Dobronravina,Anna"]
[Black "Toporkova,S"]
[Result "1-0"]
[WhiteElo "1687"]
[BlackElo "1643"]

1.Nf3 d5 2.g3 e6 3.Bg2 c5 4.O-O Nc6 5.d3 Be7 6.e4 d4 7.Nbd2 Nf6 8.a4 O-O
9.Nc4 Na5 10.Nfd2 Nxc4 11.Nxc4 Qc7 12.f4 Rd8 13.g4 Bd7 14.g5 Ne8 15.Qh5 Nd6
16.Rf3 Nxc4 17.dxc4 e5 18.f5 g6 19.Qg4 gxf5 20.exf5 e4 21.Rh3 e3 22.Bd5 Rf8
23.g6 hxg6 24.Qxg6+  1-0

[Event "Moscow Open 2012 A"]
[Site "Moscow RUS"]
[Date "2012.02.05"]
[Round "9.74"]
[White "Davydov,S1"]
[Black "Lugovskoy,M"]
[Result "0-1"]
[WhiteElo "2307"]
[BlackElo "2376"]

1.Nf3 d5 2.g3 e6 3.Bg2 Nf6 4.O-O Be7 5.d3 b6 6.Nbd2 Bb7 7.e4 c5 8.e5 Nfd7
9.Re1 O-O 10.Nf1 Re8 11.h4 Nc6 12.N1h2 Bf8 13.h5 f6 14.exf6 Nxf6 15.h6 gxh6
16.Bf4 Bg7 17.Ne5 Nxe5 18.Bxe5 Qe7 19.Bh3 Qf7 20.c3 Rad8 21.Ng4 Nxg4 22.Qxg4 Qg6
23.Bxg7 Kxg7 24.Rxe6 Rxe6 25.Qxe6 Qxe6 26.Bxe6 d4 27.cxd4 Rxd4 28.Re1 Ba6
29.Bf5 Kf6 30.Bxh7 Bxd3 31.Bxd3 Rxd3 32.Re2 h5 33.Kg2 b5 34.f3 c4 35.Kf2 a5
36.Rc2 Ke5  0-1

[Event "Moscow Open Women 2012"]
[Site "Moscow RUS"]
[Date "2012.02.05"]
[Round "9.17"]
[White "Timofeeva,Ekaterina"]
[Black "Baraeva,M"]
[Result "1-0"]
[WhiteElo "2277"]
[BlackElo "2187"]

1.Nf3 d5 2.g3 c6 3.Bg2 Nf6 4.c4 dxc4 5.O-O Nbd7 6.Qc2 Nb6 7.a4 a5 8.Na3 g6
9.Nxc4 Nxc4 10.Qxc4 Be6 11.Qc2 Bg7 12.e4 O-O 13.d4 Qb6 14.Ra3 Rfd8 15.h3 Qa6
16.Bd2 Rac8 17.Re1 Bc4 18.Bxa5 Qxa5 19.Qxc4 c5 20.Qc3 Qa7 21.dxc5 Rxc5 22.Qe3 Qa5
23.Bf1 Rc2 24.Rb3 Nd7 25.Rd1 Bxb2 26.Bd3 Bc1 27.Rxc1 Rxc1+ 28.Qxc1 Nc5 29.Qc4 Nxb3
30.Qxb3 Kg7 31.Kg2 e6 32.Qb2+ Kg8 33.Bb5 Rd1 34.Qf6 Qd8 35.Qxd8+ Rxd8 36.Ne5 Kf8
37.Nc4 Ra8 38.Nd6 b6 39.e5 Ke7 40.f4 f5 41.Kf3 h6 42.g4 Rf8 43.Kg3 Rg8 44.Nc4 Rb8
45.gxf5 exf5 46.Nd6 Rf8 47.Kf3 Ke6 48.Bc4+ Ke7 49.h4 Ra8 50.Bb5 Ke6 51.Be8 g5
52.hxg5 hxg5 53.Bf7+ Ke7 54.fxg5 Rxa4 55.g6 Kf8 56.Nxf5 Ra5 57.Kf4 Ra4+ 58.Kg5 b5
59.e6  1-0

[Event "76th ch-BUL SF 2012"]
[Site "Plovdiv BUL"]
[Date "2012.02.06"]
[Round "1"]
[White "Galunov,T"]
[Black "Roydov,P"]
[Result "1-0"]
[WhiteElo "2320"]
[BlackElo "1780"]

1.Nf3 d5 2.g3 Nf6 3.Bg2 c6 4.c4 Bg4 5.Ne5 e6 6.cxd5 exd5 7.Nxg4 Nxg4 8.e4 h5
9.exd5 Bc5 10.d4 Qe7+ 11.Kf1 Bd6 12.Nc3 f5 13.h3 Nf6 14.Bg5 Kf7 15.Qf3 Qd7
16.Re1 Kg6 17.Bxf6 gxf6 18.Re6 Re8 19.g4 Rxe6 20.gxf5+ Kh6 21.fxe6 Qg7 22.Ne4  1-0

[Event "61st ch-BUL w SF 2012"]
[Site "Plovdiv BUL"]
[Date "2012.02.06"]
[Round "1"]
[White "Radeva,Viktoria"]
[Black "Chilingirova,P"]
[Result "1-0"]
[WhiteElo "1760"]
[BlackElo "2119"]

1.Nf3 d5 2.g3 c5 3.Bg2 Nc6 4.d3 e5 5.O-O Be7 6.Nbd2 Nf6 7.e4 d4 8.h3 h6 9.Nc4 Qc7
10.a4 Be6 11.Nfd2 g5 12.Qe2 Rd8 13.b3 Nd7 14.Kh1 Nf8 15.Rg1 Ng6 16.Qh5 Qc8
17.Nf3 Bf6 18.Nh2 Bg7 19.Bd2 Nce7 20.Raf1 Ng8 21.f4 exf4 22.gxf4 Nf6 23.Qe2 gxf4
24.e5 Nd5 25.Nd6+ Rxd6 26.exd6 O-O 27.Ng4 Ne3 28.Bxe3 dxe3 29.Be4 f5 30.Nxh6+ Bxh6
31.Rxg6+ Bg7 32.Qg2 Rf7 33.Rg1 Qd7 34.Rxe6 Qxe6 35.Bd5 Qf6 36.d7 Kf8 37.Bxf7 f3
38.Qxg7+ Qxg7 39.Rxg7 e2 40.d8=Q+ Kxg7 41.Qe7  1-0

[Event "FSFMA2 February"]
[Site "Budapest HUN"]
[Date "2012.02.07"]
[Round "4.5"]
[White "Ortel,E"]
[Black "Lakat,G"]
[Result "1-0"]
[WhiteElo "2286"]
[BlackElo "1879"]

1.Nf3 d5 2.g3 c5 3.Bg2 Nc6 4.d4 Bg4 5.c3 e6 6.O-O Bxf3 7.Bxf3 h5 8.h4 cxd4
9.cxd4 Be7 10.Kg2 g5 11.hxg5 Bxg5 12.Bxg5 Qxg5 13.Rh1 Nf6 14.Rh4 O-O-O 15.Qd2 Rdg8
16.Qxg5 Rxg5 17.Nc3 Nxd4 18.Rxd4 e5 19.Nxd5 exd4 20.Nxf6 Rf5 21.Nd5 Re8 22.Rd1  1-0

[Event "11th Aeroflot Open A"]
[Site "Moscow RUS"]
[Date "2012.02.07"]
[Round "1"]
[White "Gajewski,G"]
[Black "Shen Yang"]
[Result "1-0"]
[WhiteElo "2616"]
[BlackElo "2447"]

1.Nf3 d5 2.g3 c6 3.Bg2 Bf5 4.O-O Nd7 5.d3 e6 6.c4 h6 7.cxd5 exd5 8.Nc3 Bh7
9.e4 dxe4 10.dxe4 Bc5 11.Qe2 Nb6 12.Rd1 Qc8 13.Be3 Bxe3 14.Qxe3 Ne7 15.Qc5 Nd7
16.Qd6 Nf6 17.Nd4 Qb8 18.Qa3 a6 19.e5 Ng4 20.e6 Ne5 21.exf7+ Kxf7 22.Qb3+ Ke8
23.Ne6 Rg8 24.Rd8+ Qxd8 25.Nxd8 Rxd8 26.Qxb7 Bd3 27.Re1  1-0

[Event "11th Aeroflot Open A"]
[Site "Moscow RUS"]
[Date "2012.02.07"]
[Round "1"]
[White "Akopian,Vl"]
[Black "Bosiocic,Mari"]
[Result "1-0"]
[WhiteElo "2685"]
[BlackElo "2580"]

1.Nf3 d5 2.g3 Nc6 3.d4 Bf5 4.Bg2 Nb4 5.Na3 c6 6.Nh4 Bd7 7.c3 Na6 8.e4 dxe4
9.Bxe4 Nf6 10.Bg2 e6 11.Nc4 Be7 12.O-O O-O 13.Re1 Nd5 14.Nf3 c5 15.Nce5 Be8
16.c4 Ndc7 17.Be3 f6 18.Nd3 cxd4 19.Nxd4 Nb4 20.Nxb4 Bxb4 21.Rf1 e5 22.Nf5 Qc8
23.a3 Qxf5 24.axb4 Bf7 25.b3 Rad8 26.Qf3 Qc2 27.Bc5 Ne6 28.Bxf8 Rxf8 29.Rxa7 Nd4
30.Qxb7  1-0

[Event "61st ch-BUL w SF 2012"]
[Site "Plovdiv BUL"]
[Date "2012.02.07"]
[Round "2"]
[White "Tsekova,V"]
[Black "Pencheva,Iva"]
[Result "1/2-1/2"]
[WhiteElo "1859"]
[BlackElo "1816"]

1.Nf3 d5 2.g3 Nf6 3.Bg2 e6 4.O-O Be7 5.d4 O-O 6.Ne5 c5 7.b3 Nbd7 8.Nxd7 Bxd7
9.Bb2 Rc8 10.dxc5 Bxc5 11.Nd2 Bc6 12.Nf3 Qe7 13.Ne5 Bb5 14.c4 dxc4 15.bxc4 Ba6
16.Qa4 Qe8 17.Qb3 Qe7 18.Rfd1 Rfd8 19.e3 Nd7 20.Nxd7 Rxd7 21.Rxd7 Qxd7 22.Rd1 Qc7
23.Bf1 Bf8 24.Rc1 Rd8 25.Bd3 Qd7 26.Rd1 Qe7 27.Qc2 f5 28.Qb3 b6 29.Rc1 Bb7
30.Qc2 Bf3 31.Be2 Bxe2 32.Qxe2 Qd6 33.Kg2 Qd3 34.Qxd3 Rxd3 35.Rc2 Bc5 36.Kf3 Kf7
37.Ke2 Rd7 38.Rd2 Rxd2+ 39.Kxd2 g6 40.Kd3 Ke7 41.Be5 Kd7 42.f3 Kc6 43.g4 Be7
44.Bd4 Kd6 45.gxf5 gxf5 46.Bb2 Kd7 47.e4 Bc5 48.Bd4 Bd6 49.e5 Ba3 50.Be3 Bb4
51.Bd4 Ba3 52.Bc3 Bc5 53.Bb2 Ke7 54.Bc1 Kd7 55.f4 Ke7 56.Ke2 Kf7 57.Kf3 Kg6
58.Bd2 Kh5 59.Be1 Bd4 60.Bg3 Kg6 61.Bh4 Kf7 62.Ke2 Ke8 63.Kd3 Bg1 64.Bg3 Kd7
65.h3 Kc6 66.Kc3 Kc5 67.a3 Be3 68.Bh2 Bf2 69.Kd3 a6 70.Ke2 Bd4 71.Kd3 Bf2  1/2-1/2

[Event "76th ch-BUL SF 2012"]
[Site "Plovdiv BUL"]
[Date "2012.02.07"]
[Round "3"]
[White "Galunov,T"]
[Black "Tsvetkov,I"]
[Result "1/2-1/2"]
[WhiteElo "2320"]
[BlackElo "2374"]

1.Nf3 d5 2.g3 c6 3.Bg2 Bg4 4.c4 e6 5.Ne5 Bf5 6.cxd5 exd5 7.Qb3 Nd7 8.e4 Nxe5
9.exf5 Qb6 10.Qe3 Kd7 11.O-O Qxe3 12.dxe3 Nd3 13.Nc3 Nxc1 14.Raxc1 Nf6 15.Rfd1 Bd6
16.e4 dxe4 17.g4 h6 18.h4 Rad8 19.g5 hxg5 20.hxg5 Ng4 21.Nxe4 Kc7 22.Nxd6 Rxd6
23.Rxd6 Kxd6 24.Rd1+ Kc7 25.Re1 Kd6 26.Rd1+ Kc7 27.Re1 Kd6 28.f4 f6 29.Bf3 Rh4
30.Kg2 fxg5 31.Re6+ Kd7 32.fxg5 g6 33.Rxg6 Ne3+ 34.Kf2 Nxf5 35.Rf6 Ne7 36.Kg3 Rd4
37.g6 Nxg6 38.Rxg6 Rd2 39.Rg7+ Kc8 40.b4 Rxa2 41.b5 cxb5  1/2-1/2